000 00870nam a2200277Ia 4500
003 OSt
005 20220918171204.0
006 a|||||r|||| 00| 0
007 ta
008 220917b |||||||| |||| 00| 0 eng d
020 _a9781405176019 (pbk)
_c3631.10
024 _a259,541
037 _b11-09668, 16/01/2012, Atlantic Publisher & Dist.Pvt.Ltd.
_cTextual
040 _aARTS
_cARTS
_beng
041 _2eng
_aeng
082 _aS1:7:7, Q1
100 _aSmith Peter K
_934651
245 0 _aUnderstanding childern's development
250 _a5th ed
260 _aWest Sussax
_b John Wiley & Sons UK
_c2011
300 _axxvi,805p.
_ccm.
650 _aPSYCHOLOGY
700 _a Cowie Helen
_934652
942 _hS1:7:7, Q1
_cTEXL
_2CC
999 _c138238
_d138238